Ghosts; The warriors at Helgeland : (Record no. 27940)
[ view plain ]
| 000 -LEADER | |
|---|---|
| fixed length control field | 01204cam a22003251 4500 |
| 001 - CONTROL NUMBER | |
| control field | 27940 |
| 003 - CONTROL NUMBER IDENTIFIER | |
| rucl marc code | BD-RjUL |
| 005 - DATE AND TIME OF LATEST TRANSACTION | |
| control field | 20211209051223.0 |
| 008 - FIXED-LENGTH DATA ELEMENTS--GENERAL INFORMATION | |
| fixed length control field | 140329r19491911enk b 000 1 eng |
| 035 ## - SYSTEM CONTROL NUMBER | |
| System control number | (BD-RjUL)28021 |
| System control number | (OCoLC)16672736 |
| 040 ## - CATALOGING SOURCE | |
| Original cataloging agency | DLC |
| Transcribing agency | OrPPC |
| Modifying agency | OCoLC |
| -- | DLC |
| -- | BD-RjUL |
| Language of cataloging | eng |
| 041 ## - LANGUAGE CODE | |
| Language code of text/sound track or separate title | eng |
| 082 0# - DEWEY DECIMAL CLASSIFICATION NUMBER | |
| Classification number | 839.8226 |
| Edition number | 19 |
| Author mark and year | IBG 1949 |
| 100 1# - MAIN ENTRY--PERSONAL NAME | |
| Personal name | Ibsen, Henrik, |
| Dates associated with a name | 1828-1906. |
| 9 (RLIN) | 85697 |
| 245 10 - TITLE STATEMENT | |
| Title | Ghosts; The warriors at Helgeland : |
| Remainder of title | An enemy of the people / |
| Statement of responsibility, etc. | [by] Henrik Ibsen. |
| 260 ## - PUBLICATION, DISTRIBUTION, ETC. (IMPRINT) | |
| Place of publication, distribution, etc. | London ; |
| -- | New York : |
| Name of publisher, distributor, etc. | J.M. Dent & sons, ltd.; |
| -- | E.P. Dutton & co., inc., |
| Date of publication, distribution, etc. | [Reprinted 1949]. |
| 300 ## - PHYSICAL DESCRIPTION | |
| Pagination | xi, 247 p. ; |
| Size | 18 cm. |
| 490 1# - SERIES STATEMENT | |
| Series statement | Everyman's library, ed. by Ernest Rhys. Poetry & the drama |
| Volume/sequential designation | [no. 552] |
| 500 ## - GENERAL NOTE | |
| General note | "First published in this editon 1911. Reprinted ... 1935." |
| General note | Translated by R. Farquharson Sharp. |
| 504 ## - BIBLIOGRAPHY, ETC. NOTE | |
| Bibliography, etc | "Bibliography of English translations": p. xi. |
| 650 #0 - SUBJECT ADDED ENTRY--TOPICAL TERM | |
| Topical term or geographic name as entry element | Drama, Norwegian |
| 9 (RLIN) | 85698 |
| 700 1# - ADDED ENTRY--PERSONAL NAME | |
| Personal name | Sharp, R. Farquharson |
| Fuller form of name | (Robert Farquharson), |
| Dates associated with a name | 1864-1945, |
| Relator term | tr. |
| 942 ## - ADDED ENTRY ELEMENTS (KOHA) | |
| Source of classification or shelving scheme | Dewey Decimal Classification |
| Koha item type | Books |
| Lost status | Source of classification or shelving scheme | Damaged status | Not for loan | Collection code | Permanent Location | Current Location | Shelving location | Date acquired | Source of acquisition | Cost, normal purchase price | Total Checkouts | Full call number | Date last seen | Copy number | Koha item type |
|---|---|---|---|---|---|---|---|---|---|---|---|---|---|---|---|
| Dewey Decimal Classification | Added to bundle | Fiction | Central Library, University of Rajshahi | Central Library, University of Rajshahi | Reading Room | 16/09/1955 | B. H. Bluckwell | 55.00 | 839.8226 IBG 1949 | 29/03/2014 | C-1 | Books |